Cargo je o veľkých lietadlách a globálnych službách

Stav rozvoja nákladnej dopravy v Bratislave. Diskusia o pravidelných nákladných diaľkových letoch zo Slovenska. Porovanie podmienok nákladnej dopravy bratislavského letiska so Schwechatom.

Gespeichert in:
Bibliographische Detailangaben
1. Verfasser: Blažej, Ján
Format: Buchkapitel
Sprache:Slowakisch
Schlagworte:
Tags: Tag hinzufügen
Keine Tags, Fügen Sie das erste Tag hinzu!

MARC

LEADER 00000naa a2200000 4500
001 0237095
005 20221104112528.2
041 0 |a slo 
044 |a SK 
245 1 0 |a Cargo je o veľkých lietadlách a globálnych službách  |c Ján Blažej 
520 |a Stav rozvoja nákladnej dopravy v Bratislave. Diskusia o pravidelných nákladných diaľkových letoch zo Slovenska. Porovanie podmienok nákladnej dopravy bratislavského letiska so Schwechatom. 
610 2 0 |a doprava letecká nákladná 
610 2 0 |a logistika 
610 2 0 |a preprava 
610 2 0 |a Slovensko 
100 1 |a Blažej, Ján